Shorebirds of North America - Statistics

General Stats
  • This quiz has been taken 13 times
  • The average score is 33 of 48
Answer Stats
Picture Answer % Correct
American Avocet
92%
American Oystercatcher
92%
American Woodcock
92%
Black-Bellied Plover
92%
Black-Necked Stilt
92%
Black Oystercatcher
92%
Red-Necked Phalarope
92%
Wilson's Snipe
92%
American Golden-Plover
83%
Killdeer
83%
Ruddy Turnstone
83%
Wilson's Phalarope
83%
Dunlin
75%
Greater Yellowlegs
75%
Least Sandpiper
75%
Lesser Yellowlegs
75%
Marbled Godwit
75%
Piping Plover
75%
Sanderling
75%
Snowy Plover
75%
Spotted Sandpiper
75%
Western Sandpiper
75%
Whimbrel
75%
Willet
75%
Black Turnstone
67%
Hudsonian Godwit
67%
Long-Billed Curlew
67%
Red Knot
67%
Red Phalarope
67%
Semipalmated Plover
67%
Semipalmated Sandpiper
67%
Upland Sandpiper
67%
Buff-Breasted Sandpiper
58%
Long-Billed Dowitcher
58%
Pacific Golden-Plover
58%
Short-Billed Dowitcher
58%
Stilt Sandpiper
58%
Baird's Sandpiper
50%
Pectoral Sandpiper
50%
Purple Sandpiper
50%
Solitary Sandpiper
50%
Surfbird
50%
Wandering Tattler
50%
White-Rumped Sandpiper
50%
Wilson's Plover
50%
Mountain Plover
42%
Rock Sandpiper
42%
Common Ringed Plover
33%
No matching quizzes found
Score Distribution
Percent of People with Each Score
Percentile by Number Answered
Your Score History
You have not taken this quiz